000 01298nam a2200313 i 4500
003 EG-GICUC
005 20260121101537.0
008 251224s1989 su ||||fr|||| 00| 0 ara d
040 _a EG-GICUC
_bara
_c EG-GICUC
_d EG-GICUC
_erda
041 0 _aara
082 0 4 _221
_a343.5
_bع ب . أ
092 0 4 _221
099 _aLaw1 10 343.5 ع ب . أ 1989
100 0 _aعبدالله خوج
_eمؤلف.
245 1 0 _aالأسرة العربية ودورها فى الوقاية من الجريمة والأنحراف /
_cالدكتور عبدالله خوج ، الدكتور فاروق عبدالسلام.
264 1 _aالرياض :
_bدار النشر بالمركز العربي للدراسات الأمنية فى التدريب،
_c1989.
300 _a121 ؛ صفحة
_c24 سم.
336 _2rda content
_atext
337 _2rda media
_aComputer
338 _2rda carrier
_aOnline Resource
504 _a. 119 - 121 ببليوجرافيا: صفحات
546 _aالنص باللغة العربية
650 1 4 _aالقانون الجنائي الدولي
650 1 4 _aالقانون الجنائي
700 _aفاروق عبدالسلام
_eمؤلف مشارك.
856 4 0 _uhttps://fll.law.cu.edu.eg/fulltext/bks/B10-06671.pdf
905 _a77
942 _2ddc
_cBK
_e21
_n0
999 _c52447
_d52447